Naruto (Main-)Arcs - Statistiken

Allgemein
  • Dieses Quiz wurde 401 mal gespielt
  • Das Durchschnittsergebnis liegt bei 3 aus 15
Antwortstatistiken
Episoden Arc % Korrekt
152-175 Pain's Angriff
75%
20-67 Chunin Prüfungen
56%
215-479 Vierter Shinobi Weltkrieg
26%
1-19 Land der Wellen
25%
81-100 Suche nach Tsunade
25%
107-135 Sasuke Wiederherstellungsmission
23%
68-80 Konoha Crush
22%
1-32 Kazegake Rettungsmission
13%
197-214 Fünf Kage Gipfel
10%
127-133 Die Geschichte von Jiraiya, dem Gallanten
7%
119-120 Kakashi Gaiden
4%
134-143 Schicksalsschlacht zwischen Brüdern
4%
33-53 Tenchi Bride Aufklärungsmission
4%
72-88 Akatsuki Unterdrückungsmission
2%
113-118/121-126 Itachi Verfolgunsmission
2%
Keine übereinstimmenden Quizze gefunden
Verteilung der Resultate
Anzahl Personen mit jedem Resultat
Perzentil nach korrekt beantworteten Fragen
Ihre Resultats-Entwicklung
Sie haben dieses Quiz noch nicht gespielt